Weltmeister - Fußball Sudden Death #5 - Statistiken

Allgemein
  • Dieses Quiz wurde 3.204 mal gespielt
  • Das Durchschnittsergebnis liegt bei 6 aus 15
Answers on the Grid
Answers color-coded by a green-red scale on the quiz's grid according to % correct below.
Franck Ribery
Oliver Kahn
Sergio Ramos
Wesley Sneijder
Christoph Kramer
Rivaldo
Benjamin Pavard
Marco Reus
Cafu
Claude Makelele
Javier Mascherano
Bixente Lizarazu
Paolo Maldini
Miro Klose
Lucio
Ze Roberto
Stefan Kießling
David Villa
Fernando Torres
Dani Alves
Kaka
Sergio Aguero
Olivier Giroud
Pepe
Luca Toni
Hernan Crespo
Mikael Silvestre
Cesc Fabregas
Michael Ballack
Nesta
 
Antwortstatistiken
Antwort % Korrekt
Sergio Ramos
76%
Christoph Kramer
67%
Benjamin Pavard
63%
Miro Klose
54%
Cafu
52%
Rivaldo
49%
David Villa
35%
Fernando Torres
31%
Olivier Giroud
31%
Kaka
26%
Cesc Fabregas
25%
Lucio
19%
Bixente Lizarazu
17%
Luca Toni
14%
Nesta
13%
Keine übereinstimmenden Quizze gefunden
Verteilung der Resultate
Anzahl Personen mit jedem Resultat
Perzentil nach korrekt beantworteten Fragen
Ihre Resultats-Entwicklung
Sie haben dieses Quiz noch nicht gespielt